000 00283nam a22001337a 4500
008 180919b xxu||||| |||| 00| 0 eng d
020 _a9781583913291
041 _aeng
080 _a610
100 _a4
101 _aSHM
245 _aDoing Better
_cKottler, J.A
942 _2udc
_cBK
999 _c48041
_d48041